[Event "Znojemska Rotunda 2007"]
[Site "?"]
[Date "2007.08.18"]
[Round "1.1"]
[White "Docekal, Jan"]
[Black "Dungl, Petr"]
[Result "1-0"]
[WhiteElo "2209"]
[BlackElo "1785"]
[PlyCount "53"]
[EventDate "2007.08.18"]

1. e4 c5 2. Nf3 Nc6 3. d4 cxd4 4. Nxd4 e5 5. Nb5 d6 6. N1c3 a6 7. Na3 b5 8. Nd5
Nge7 9. Bg5 f6 10. Be3 Rb8 11. c3 Nxd5 12. exd5 Ne7 13. Nc2 Bb7 14. Nb4 Nf5 15.
Bc1 g6 16. a4 Qa5 17. Ra3 Qb6 18. axb5 axb5 19. Qd3 Kf7 20. g4 Bh6 21. f4 Ne7
22. g5 fxg5 23. fxg5 Bg7 24. Be3 Qc7 25. Qxb5 Bc6 26. Qc4 Rxb4 27. cxb4 1-0

[Event "Znojemska Rotunda 2007"]
[Site "?"]
[Date "2007.08.18"]
[Round "1.2"]
[White "Kyselka, Daniel"]
[Black "Chalupa, Ivan"]
[Result "0-1"]
[WhiteElo "1662"]
[BlackElo "2170"]
[PlyCount "82"]
[EventDate "2007.08.18"]

1. Nf3 Nf6 2. d3 d6 3. g3 b6 4. Bg2 Bb7 5. Nbd2 e6 6. c3 Be7 7. O-O O-O 8. e4
c5 9. Re1 Qc7 10. Nc4 Nbd7 11. Qc2 Rad8 12. a4 Bc6 13. b3 Rfe8 14. h3 Qb7 15.
Qe2 Qa8 16. Bf4 d5 17. Ncd2 Nh5 18. Bc7 Rc8 19. Be5 Nhf6 20. g4 h6 21. Bf4 Nh7
22. c4 dxe4 23. Nxe4 Ndf6 24. Ne5 Bb7 25. a5 Nxe4 26. Bxe4 Bg5 27. Bg3 Bxe4 28.
dxe4 bxa5 29. Rxa5 Bd8 30. Ra3 Bb6 31. Nd7 Qb7 32. Nxb6 axb6 33. Rea1 Ra8 34.
Rxa8 Rxa8 35. Rxa8+ Qxa8 36. Bc7 Qb7 37. Bd8 Nf8 38. f3 Ng6 39. Qe3 e5 40. g5
Nf4 41. Kh2 Qd7 0-1

[Event "Znojemska Rotunda 2007"]
[Site "?"]
[Date "2007.08.18"]
[Round "1.3"]
[White "Snorek, Milan"]
[Black "Havel, Vojtech"]
[Result "1-0"]
[WhiteElo "2161"]
[BlackElo "1661"]
[PlyCount "61"]
[EventDate "2007.08.18"]

1. d4 Nf6 2. Nf3 e6 3. c4 d5 4. cxd5 exd5 5. Bg5 Be7 6. Nc3 O-O 7. Qc2 Nbd7 8.
e3 c6 9. Bd3 h6 10. Bh4 Nb6 11. O-O Re8 12. Ne5 Nfd7 13. Bh7+ Kf8 14. Bxe7+
Qxe7 15. f4 Nf6 16. Rae1 Nbd7 17. Bg6 Nxe5 18. fxe5 fxg6 19. exf6 gxf6 20. Qxg6
f5 21. Qxh6+ Qg7 22. Qf4 Bd7 23. Rf3 Qf6 24. Rh3 Re7 25. Rh6 Qg7 26. Rf1 Rf7
27. Qd6+ Ke8 28. Rf3 Qf8 29. Qe5+ Qe7 30. Rh8+ Rf8 31. Rxf8+ 1-0

[Event "Znojemska Rotunda 2007"]
[Site "?"]
[Date "2007.08.18"]
[Round "1.4"]
[White "Hemala, Lubos"]
[Black "Jurica, Peter"]
[Result "0-1"]
[WhiteElo "1653"]
[BlackElo "2115"]
[PlyCount "76"]
[EventDate "2007.08.18"]

1. e4 Nf6 2. e5 Nd5 3. d4 d6 4. c4 Nb6 5. f4 dxe5 6. fxe5 Nc6 7. Be3 Bf5 8. Nc3
e6 9. Nf3 Bb4 10. Qb3 a5 11. a4 O-O 12. Rd1 Qd7 13. d5 Ne7 14. d6 Ng6 15. Bxb6
cxb6 16. Bd3 Bxd3 17. Rxd3 Nf4 18. Rd2 f6 19. O-O Qf7 20. Qd1 Qh5 21. Qc2 fxe5
22. Qe4 Qf5 23. Qxf5 Rxf5 24. g4 Rff8 25. Nxe5 h5 26. gxh5 Rf5 27. h4 Rxe5 28.
Rxf4 Bc5+ 29. Kg2 Be3 30. Re4 Rxe4 31. Nxe4 Bxd2 32. Nxd2 Kf7 33. Kf3 e5 34.
Kg4 Ke6 35. Ne4 Rf8 36. Kg5 Rf4 37. d7 Kxd7 38. Ng3 Ke6 0-1

[Event "Znojemska Rotunda 2007"]
[Site "?"]
[Date "2007.08.18"]
[Round "1.5"]
[White "Slacky, Stanislav"]
[Black "Adam, Petr"]
[Result "1-0"]
[WhiteElo "2112"]
[BlackElo "1636"]
[PlyCount "49"]
[EventDate "2007.08.18"]

1. d4 g6 2. c4 Bg7 3. Nf3 d6 4. g3 Nd7 5. Bg2 e5 6. Nc3 Ne7 7. O-O O-O 8. e3 f5
9. b4 c6 10. Qb3 Kh8 11. Bb2 e4 12. Nd2 Nf6 13. d5 cxd5 14. Nxd5 Nexd5 15. cxd5
b6 16. Rac1 Bb7 17. Bxf6 Qxf6 18. Rc7 Rf7 19. Rfc1 Rxc7 20. Rxc7 Rb8 21. Bf1
Qe5 22. Qa4 Bxd5 23. Rxa7 Qe6 24. Qc2 Bf6 25. Qc7 1-0

[Event "Znojemska Rotunda 2007"]
[Site "?"]
[Date "2007.08.18"]
[Round "1.6"]
[White "Molik, Zdenek"]
[Black "Blazek, Milos"]
[Result "0-1"]
[WhiteElo "1617"]
[BlackElo "2092"]
[PlyCount "58"]
[EventDate "2007.08.18"]

1. e4 e5 2. Nf3 Nc6 3. Bc4 Nf6 4. Nc3 Bc5 5. O-O d6 6. h3 a6 7. d3 Qe7 8. a3
Be6 9. Ba2 h6 10. Re1 g5 11. Nh2 O-O-O 12. Be3 Rdg8 13. Bxe6+ Qxe6 14. f3 h5
15. Bxc5 dxc5 16. g4 Nd4 17. Kg2 Rh6 18. Rh1 c6 19. b3 Rgh8 20. Rc1 hxg4 21.
Nxg4 Rh4 22. Na4 Nh5 23. Nxc5 Nf4+ 24. Kf1 Qd6 25. b4 Rxh3 26. Rxh3 Rxh3 27.
Nf2 Rg3 28. c3 Nxf3 29. Qb3 Rg1# 0-1

[Event "Znojemska Rotunda 2007"]
[Site "?"]
[Date "2007.08.18"]
[Round "1.7"]
[White "Dvorak, Libor"]
[Black "Jostic, Peter"]
[Result "1-0"]
[WhiteElo "2082"]
[BlackElo "1612"]
[PlyCount "79"]
[EventDate "2007.08.18"]

1. Nf3 Nf6 2. c4 c5 3. g3 Nc6 4. Bg2 e6 5. Nc3 Be7 6. O-O O-O 7. e4 d6 8. d4
cxd4 9. Nxd4 Rb8 10. Be3 Ne5 11. b3 a6 12. h3 Ned7 13. Qe2 Re8 14. Rfd1 Qa5 15.
Rac1 Nc5 16. Qb2 Qc7 17. f4 b6 18. e5 dxe5 19. Nc6 Bb7 20. Nxb8 Bxg2 21. Nxa6
Nxa6 22. Qxg2 exf4 23. Bxf4 Qc5+ 24. Kh2 Qh5 25. g4 Qg6 26. Bd6 Bd8 27. g5 Nh5
28. Rg1 e5 29. Ne4 Bc7 30. Rcd1 Qf5 31. Rgf1 Nf4 32. Qf3 Bd8 33. Bxe5 Qxe5 34.
Qxf4 Qxf4+ 35. Rxf4 Bc7 36. Nd6 Rd8 37. Rfd4 Nc5 38. Kh1 Ne6 39. R4d2 Nxg5 40.
Nb5 1-0

[Event "Znojemska Rotunda 2007"]
[Site "?"]
[Date "2007.08.18"]
[Round "1.8"]
[White "Rysavy, Jan"]
[Black "Fojtik, Tomas"]
[Result "0-1"]
[WhiteElo "1601"]
[BlackElo "2069"]
[PlyCount "58"]
[EventDate "2007.08.18"]

1. e4 e6 2. d4 d5 3. e5 Ne7 4. Nf3 c5 5. Bd3 Nec6 6. c3 Nd7 7. Be3 Be7 8. Nbd2
cxd4 9. cxd4 f6 10. exf6 Bxf6 11. a3 O-O 12. Qc2 h6 13. O-O e5 14. dxe5 Ndxe5
15. Nd4 Bg4 16. N2b3 Rc8 17. Nxc6 Rxc6 18. Qd2 Nxd3 19. Qxd3 Bxb2 20. Ra2 Bf6
21. Nd4 Rc4 22. Nf5 Rc3 23. Nxh6+ gxh6 24. Qg6+ Bg7 25. Qxg4 Qf6 26. Rd2 Rxe3
27. Rxd5 Qxf2+ 28. Rxf2 Re1+ 29. Rf1 Rfxf1# 0-1

[Event "Znojemska Rotunda 2007"]
[Site "?"]
[Date "2007.08.18"]
[Round "1.9"]
[White "Dobes, Oldrich"]
[Black "Bastyr, Pavel"]
[Result "1-0"]
[WhiteElo "2050"]
[BlackElo "1569"]
[PlyCount "81"]
[EventDate "2007.08.18"]

1. e4 c6 2. d4 d5 3. Nd2 dxe4 4. Nxe4 Bf5 5. Ng3 Bg6 6. Nf3 Nd7 7. h4 h6 8. h5
Bh7 9. Bd3 Bxd3 10. Qxd3 e6 11. Bd2 Ngf6 12. O-O-O Be7 13. Kb1 Qb6 14. c4 O-O-O
15. Qc2 Ng4 16. Bc3 Rhg8 17. Rhe1 Bb4 18. c5 Qa5 19. Rd3 Bxc3 20. Rxc3 Qc7 21.
Ne4 Ndf6 22. Nd6+ Rxd6 23. cxd6 Qxd6 24. Rc5 Nd5 25. Rc1 Ngf6 26. Ne5 Nd7 27.
Nxc6 Nxc5 28. Nxa7+ Kb8 29. Nb5 Qa6 30. Qxc5 b6 31. Qd6+ Kb7 32. Qd7+ Kb8 33.
Nd6 Nb4 34. a3 Qd3+ 35. Ka1 Qa6 36. Rc4 Nd5 37. Ra4 Qf1+ 38. Ka2 Nc3+ 39. Kb3
Qd1+ 40. Kxc3 Qc1+ 41. Kb3 1-0

[Event "Znojemska Rotunda 2007"]
[Site "?"]
[Date "2007.08.18"]
[Round "1.10"]
[White "Chlapecka, Adam"]
[Black "Petlak, Josef"]
[Result "0-1"]
[WhiteElo "1493"]
[BlackElo "2014"]
[PlyCount "64"]
[EventDate "2007.08.18"]

1. e4 e6 2. d4 d5 3. e5 Be7 4. Bd3 g6 5. Be3 b6 6. Ne2 Ba6 7. O-O Kf8 8. c3
Bxd3 9. Qxd3 Kg7 10. Nd2 Nd7 11. h3 h5 12. f3 c5 13. g4 c4 14. Qc2 hxg4 15.
hxg4 Nxe5 16. dxe5 Bc5 17. Kg2 Bxe3 18. Rh1 Rxh1 19. Rxh1 Qg5 20. Nf1 Qxe5 21.
Nxe3 Qxe3 22. Ng3 Nf6 23. Qd1 Rh8 24. Re1 Qf4 25. Qa4 Qh6 26. Rh1 Qd2+ 27. Kg1
Qc1+ 28. Kg2 Qxb2+ 29. Kg1 Qa1+ 30. Kg2 Rxh1 31. Nxh1 Qxc3 32. Qxa7 Qa5 0-1

[Event "Znojemska Rotunda 2007"]
[Site "?"]
[Date "2007.08.18"]
[Round "1.11"]
[White "Jadud, Oto"]
[Black "Simecek, Josef"]
[Result "0-1"]
[WhiteElo "1977"]
[BlackElo "1459"]
[PlyCount "92"]
[EventDate "2007.08.18"]

1. e4 c5 2. Nf3 d6 3. d4 cxd4 4. Nxd4 Nc6 5. Bc4 Nf6 6. Nc3 a6 7. O-O e5 8.
Nxc6 bxc6 9. Kh1 Be7 10. f4 O-O 11. fxe5 dxe5 12. Qe2 Bg4 13. Qf2 Qc7 14. Qg3
Bh5 15. Bg5 Bg6 16. Bxf6 Bxf6 17. h4 Qe7 18. Rxf6 Qxf6 19. Rf1 Qe7 20. Qg4 Qb4
21. Bb3 Kh8 22. a3 Qd4 23. h5 f5 24. Qg5 Bxh5 25. Qxh5 fxe4 26. Rf7 e3 27. Be6
Rxf7 28. Bxf7 Rf8 29. g3 e2 30. Nxe2 Qe4+ 31. Kg1 g6 32. Bxg6 Qxg6 33. Qxe5+
Qg7 34. Qd6 Rf6 35. Qd8+ Qf8 36. Qxf8+ Rxf8 37. Nd4 Rd8 38. c3 c5 39. Ne6 Rd2
40. b3 Rd3 41. Nxc5 Rxg3+ 42. Kf2 Rxc3 43. Nxa6 Rxb3 44. a4 Rb6 45. Nc5 Rc6 46.
Nd3 Rc4 0-1

[Event "Znojemska Rotunda 2007"]
[Site "?"]
[Date "2007.08.18"]
[Round "1.12"]
[White "Holik, Jakub"]
[Black "Horak, Karel jun"]
[Result "1/2-1/2"]
[WhiteElo "1451"]
[BlackElo "1943"]
[PlyCount "102"]
[EventDate "2007.08.18"]

1. d4 Nf6 2. c4 g6 3. Nc3 Bg7 4. Bg5 d6 5. e3 O-O 6. Nf3 Nbd7 7. Be2 c5 8. O-O
cxd4 9. exd4 b6 10. Re1 Bb7 11. Qd2 Rc8 12. Rac1 Bxf3 13. gxf3 Nb8 14. Qe3 Re8
15. b3 Nc6 16. Bd3 e5 17. d5 Nd4 18. Ne2 Nf5 19. Bxf5 gxf5 20. Kh1 f4 21. Qd3
h6 22. Bh4 Ng4 23. fxg4 Qxh4 24. f3 h5 25. Rg1 Rc7 26. Rg2 f6 27. Qg6 Ree7 28.
Qxh5 Qxh5 29. gxh5 Kh7 30. Rg6 Rcd7 31. Nc3 f5 32. Nb5 e4 33. fxe4 fxe4 34.
Nxd6 Re5 35. Rf1 Rxh5 36. Re6 Be5 37. Nxe4 Rf7 38. Rg1 f3 39. Ng5+ Rxg5 40.
Rxg5 f2 41. Rh5+ Kg7 42. Rg5+ Kf8 43. Rg1 fxg1=Q+ 44. Kxg1 Bd4+ 45. Kg2 Bc5 46.
Re2 a6 47. Kg3 Bd6+ 48. Kg2 Rh7 49. h3 Rg7+ 50. Kf2 Bc5+ 51. Kf3 Rf7+ 1/2-1/2

[Event "Znojemska Rotunda 2007"]
[Site "?"]
[Date "2007.08.18"]
[Round "1.13"]
[White "Valenta, Petr"]
[Black "Rysavy, Jindrich"]
[Result "1-0"]
[WhiteElo "1937"]
[BlackElo "1413"]
[PlyCount "29"]
[EventDate "2007.08.18"]

1. c4 e6 2. Nf3 Nc6 3. g3 d5 4. cxd5 exd5 5. d4 Bg4 6. Bg2 Nf6 7. O-O Qd7 8.
Nc3 Be7 9. Ne5 Qe6 10. Nb5 Bd8 11. Bf4 a6 12. Nxg4 Qxg4 13. Nc3 Qe6 14. e4 O-O
15. exd5 1-0

[Event "Znojemska Rotunda 2007"]
[Site "?"]
[Date "2007.08.18"]
[Round "1.14"]
[White "Sramek, Jiri"]
[Black "Vavrousek, Petr"]
[Result "1/2-1/2"]
[WhiteElo "1366"]
[BlackElo "1887"]
[PlyCount "83"]
[EventDate "2007.08.18"]

1. e4 c5 2. Nf3 Nc6 3. d4 cxd4 4. Nxd4 g6 5. Nc3 Bg7 6. Be3 Nf6 7. Bc4 O-O 8.
O-O d6 9. Qd2 Ng4 10. Nf3 Nxe3 11. Qxe3 Bd7 12. Rad1 Rc8 13. Bb3 Qa5 14. Rd5
Qc7 15. a3 Be6 16. Rb5 a6 17. Bxe6 fxe6 18. Rb3 Na5 19. Rb4 Nc4 20. Qd3 Nxb2
21. Rxb2 Bxc3 22. Rb3 Bg7 23. Ng5 Rf6 24. Qh3 h6 25. Nxe6 Qd7 26. Nxg7 Qxh3 27.
gxh3 Kxg7 28. Rxb7 Re6 29. f3 Rxc2 30. Rf2 Rxf2 31. Kxf2 Kf6 32. Rb6 d5 33.
Rxe6+ Kxe6 34. Ke3 dxe4 35. Kxe4 Kd6 36. Kd4 e6 37. h4 a5 38. a4 e5+ 39. Kc4 g5
40. hxg5 hxg5 41. Kd3 Kc5 42. Kc3 1/2-1/2

[Event "Znojemska Rotunda 2007"]
[Site "?"]
[Date "2007.08.18"]
[Round "2.1"]
[White "Fojtik, Tomas"]
[Black "Docekal, Jan"]
[Result "0-1"]
[WhiteElo "2069"]
[BlackElo "2209"]
[PlyCount "90"]
[EventDate "2007.08.18"]

1. d4 f5 2. c4 e6 3. Nf3 Nf6 4. g3 b6 5. Bg2 Bb7 6. O-O a5 7. Nc3 Bb4 8. Nb1
O-O 9. c5 a4 10. a3 Ba5 11. Qxa4 bxc5 12. dxc5 Nd5 13. Qc2 Qe7 14. Bg5 Qf7 15.
b4 Bxb4 16. Qb2 h6 17. Bc1 Bxc5 18. Qxb7 Na6 19. Qb2 f4 20. Qc2 d6 21. Nc3 fxg3
22. hxg3 Nxc3 23. Qxc3 Rae8 24. Be3 e5 25. Bxc5 Nxc5 26. Nd2 Qh5 27. Bf3 Qf5
28. e4 Qg6 29. Bg2 Ne6 30. Ra2 Qf7 31. Re1 c5 32. Nf1 Nd4 33. Rb2 Re6 34. Ne3
Kh8 35. Qd3 Rf6 36. Rf1 Rf3 37. Bxf3 Nxf3+ 38. Kg2 Nh4+ 39. gxh4 Qf3+ 40. Kh2
Rf4 41. Ng2 Qxd3 42. Nxf4 Qxf1 43. Ng6+ Kh7 44. h5 Qd1 45. Nf8+ Kg8 0-1

[Event "Znojemska Rotunda 2007"]
[Site "?"]
[Date "2007.08.19"]
[Round "2.2"]
[White "Chalupa, Ivan"]
[Black "Dobes, Oldrich"]
[Result "1-0"]
[WhiteElo "2170"]
[BlackElo "2050"]
[PlyCount "87"]
[EventDate "2007.08.18"]

1. e4 e5 2. Nf3 Nc6 3. Bb5 a6 4. Ba4 Nf6 5. O-O b5 6. Bb3 Be7 7. Qe2 d6 8. c3
O-O 9. Rd1 Na5 10. Bc2 c5 11. d3 Qc7 12. Nbd2 Rb8 13. Nb3 Nc6 14. a3 Be6 15. d4
c4 16. Nbd2 Bg4 17. d5 Na5 18. h3 Bh5 19. Nf1 Nb7 20. g4 Bg6 21. Ng3 Nc5 22.
Nh2 Nb3 23. Bxb3 cxb3 24. g5 Nd7 25. Qg4 Nc5 26. h4 Qc8 27. Nf5 Bxf5 28. exf5
f6 29. g6 hxg6 30. Qxg6 Qe8 31. h5 Qxg6+ 32. hxg6 Rfc8 33. Ng4 Kf8 34. Kg2 Ke8
35. Rh1 Kd7 36. Rh7 Rg8 37. Bh6 Ne4 38. Rxg7 Rxg7 39. Bxg7 Rg8 40. Bh6 Nc5 41.
Rd1 e4 42. f3 Nd3 43. fxe4 Nxb2 44. Rb1 1-0

[Event "Znojemska Rotunda 2007"]
[Site "?"]
[Date "2007.08.19"]
[Round "2.3"]
[White "Petlak, Josef"]
[Black "Snorek, Milan"]
[Result "0-1"]
[WhiteElo "2009"]
[BlackElo "2161"]
[PlyCount "54"]
[EventDate "2007.08.18"]

1. c3 d5 2. e3 Nf6 3. d4 Bf5 4. b3 e6 5. Ba3 Bxa3 6. Nxa3 Qe7 7. b4 a5 8. Qa4+
c6 9. b5 O-O 10. Nf3 Ne4 11. Rc1 Rc8 12. Be2 c5 13. O-O Nd7 14. c4 Nb6 15. Qb3
h6 16. Rfd1 Bg4 17. h3 Bf5 18. Nd2 Nxd2 19. Rxd2 cxd4 20. Rxd4 Rc7 21. Rcd1
Rac8 22. cxd5 exd5 23. Nb1 Bc2 24. Qb2 Bxd1 25. Bxd1 Rc1 26. Kh2 Qe5+ 27. g3
Rxd1 0-1

[Event "Znojemska Rotunda 2007"]
[Site "?"]
[Date "2007.08.19"]
[Round "2.4"]
[White "Jurica, Peter"]
[Black "Valenta, Petr"]
[Result "1/2-1/2"]
[WhiteElo "2115"]
[BlackElo "1937"]
[PlyCount "68"]
[EventDate "2007.08.18"]

1. Nf3 f5 2. e4 fxe4 3. Ng5 Nf6 4. d3 Nc6 5. Nc3 e6 6. Ncxe4 d5 7. Ng3 Bc5 8.
c3 O-O 9. d4 Bd6 10. Bd3 e5 11. dxe5 Nxe5 12. O-O h6 13. Nf3 Nxf3+ 14. Qxf3 Ne4
15. Qh5 Bxg3 16. hxg3 Be6 17. Bxh6 Qf6 18. Be3 Bf7 19. Qg4 Rae8 20. f3 Nd6 21.
Rac1 Be6 22. Qh5 Bf5 23. Bd4 Qf7 24. Qxf7+ Kxf7 25. Bxf5 Nxf5 26. Bf2 b6 27. g4
Ne7 28. Bg3 c5 29. Bd6 Rh8 30. Rcd1 Nc8 31. Rxd5 Ke6 32. Rfd1 Rd8 33. Rg5 Kf7
34. Rf5+ Ke6 1/2-1/2

[Event "Znojemska Rotunda 2007"]
[Site "?"]
[Date "2007.08.19"]
[Round "2.5"]
[White "Babczynski, Marcel"]
[Black "Slacky, Stanislav"]
[Result "1/2-1/2"]
[WhiteElo "1942"]
[BlackElo "2112"]
[PlyCount "36"]
[EventDate "2007.08.18"]

1. e4 Nf6 2. Nc3 d5 3. exd5 Nxd5 4. d4 g6 5. Nf3 Bg7 6. Nxd5 Qxd5 7. Be2 Bg4 8.
O-O O-O 9. c3 a5 10. Bf4 c6 11. Re1 e6 12. h3 Bxf3 13. Bxf3 Qd7 14. Qc2 Na6 15.
Rad1 Bf6 16. b3 Rfd8 17. Rd2 Rac8 18. Red1 Qe7 1/2-1/2

[Event "Znojemska Rotunda 2007"]
[Site "?"]
[Date "2007.08.19"]
[Round "2.6"]
[White "Blazek, Milos"]
[Black "Horak, Karel sen"]
[Result "1-0"]
[WhiteElo "2092"]
[BlackElo "1770"]
[PlyCount "51"]
[EventDate "2007.08.18"]

1. e4 e6 2. d4 d5 3. e5 c5 4. c3 Nc6 5. Nf3 Bd7 6. Bd3 Nge7 7. O-O cxd4 8. cxd4
Qb6 9. Bc2 Nf5 10. Bxf5 exf5 11. Nc3 Be6 12. b3 h6 13. h4 Rc8 14. Be3 Be7 15.
Rc1 Qd8 16. h5 a6 17. Na4 Ba3 18. Rc2 Rc7 19. Bc1 Be7 20. a3 f4 21. Nc5 Bf5 22.
Rc3 Qc8 23. Bxf4 Nxd4 24. Nxd4 Bxc5 25. e6 fxe6 26. Bxc7 1-0

[Event "Znojemska Rotunda 2007"]
[Site "?"]
[Date "2007.08.19"]
[Round "2.7"]
[White "Simecek, Josef"]
[Black "Dvorak, Libor"]
[Result "1-0"]
[WhiteElo "1459"]
[BlackElo "2082"]
[PlyCount "91"]
[EventDate "2007.08.18"]

1. d4 Nf6 2. c4 c5 3. d5 b5 4. b3 bxc4 5. bxc4 g6 6. Bb2 Bg7 7. Nd2 O-O 8. g3
d6 9. Bg2 Nbd7 10. Ngf3 Nb6 11. O-O Bd7 12. a4 a5 13. e4 Qe8 14. e5 Bxa4 15.
Qc1 Nfd7 16. exd6 exd6 17. Bxg7 Kxg7 18. Re1 Qd8 19. Rxa4 Nxa4 20. Qa1+ Qf6 21.
Qxa4 Nb6 22. Qc2 Rfe8 23. Ne4 Qd8 24. Qc3+ f6 25. Nfg5 Qe7 26. Nxh7 Kxh7 27.
Nxf6+ Qxf6 28. Qxf6 Rxe1+ 29. Bf1 Rae8 30. Kg2 a4 31. Bd3 Rg8 32. Qf7+ Rg7 33.
Bxg6+ Kh6 34. Qf4+ Kxg6 35. Qxd6+ Kh7 36. Qxb6 a3 37. Qa5 Ra1 38. Qa6 Rf7 39.
Qe6 Ra7 40. Qf5+ Kg8 41. Qg6+ Rg7 42. Qe8+ Kh7 43. d6 Rb1 44. d7 a2 45. d8=Q
a1=Q 46. Qh4# 1-0

[Event "Znojemska Rotunda 2007"]
[Site "?"]
[Date "2007.08.19"]
[Round "2.8"]
[White "Horak, Karel jun"]
[Black "Sramek, Jiri"]
[Result "1-0"]
[WhiteElo "1943"]
[BlackElo "1366"]
[PlyCount "49"]
[EventDate "2007.08.18"]

1. e4 e5 2. Nf3 Nc6 3. Bb5 a6 4. Ba4 Nf6 5. O-O Be7 6. Re1 b5 7. Bb3 O-O 8. a4
Bb7 9. d3 b4 10. Nbd2 a5 11. Nc4 d6 12. Ne3 Qd7 13. Nf5 Bd8 14. Bg5 Ne7 15.
Bxf6 Nxf5 16. Bxd8 Raxd8 17. exf5 Qxf5 18. Re3 Rfe8 19. Qe2 Qg6 20. Ne1 Kh8 21.
Rg3 Qh6 22. Nf3 f5 23. Ng5 Re7 24. Nxh7 Bc8 25. Rh3 1-0

[Event "Znojemska Rotunda 2007"]
[Site "?"]
[Date "2007.08.19"]
[Round "2.9"]
[White "Vavrousek, Petr"]
[Black "Holik, Jakub"]
[Result "1/2-1/2"]
[WhiteElo "1887"]
[BlackElo "1451"]
[PlyCount "83"]
[EventDate "2007.08.18"]

1. e4 c5 2. Nf3 Nc6 3. d4 cxd4 4. Nxd4 e5 5. Nb5 d6 6. N1c3 a6 7. Na3 Nf6 8.
Bg5 Be7 9. Nc4 Be6 10. Bxf6 gxf6 11. Nd5 b5 12. Nxe7 Kxe7 13. Ne3 Qa5+ 14. c3
b4 15. Nd5+ Bxd5 16. Qxd5 bxc3 17. Qxa5 Nxa5 18. bxc3 Rhc8 19. Kd2 Nc4+ 20.
Bxc4 Rxc4 21. Kd3 Rac8 22. Rac1 Ke6 23. Rhe1 f5 24. Re3 fxe4+ 25. Rxe4 Rxe4 26.
Kxe4 Rc4+ 27. Kd3 d5 28. Rb1 e4+ 29. Kd2 Ra4 30. Rb2 Ke5 31. Kc1 f5 32. Kb1 Ra5
33. Rb7 Rb5+ 34. Rxb5 axb5 35. Kb2 d4 36. cxd4+ Kxd4 37. Kc2 Kc4 38. g3 Kd4 39.
Kd2 h5 40. h3 Kc4 41. Kc2 Kd4 42. Kd2 1/2-1/2

[Event "Znojemska Rotunda 2007"]
[Site "?"]
[Date "2007.08.19"]
[Round "2.10"]
[White "Jostic, Peter"]
[Black "Jadud, Oto"]
[Result "1-0"]
[WhiteElo "1612"]
[BlackElo "1977"]
[PlyCount "65"]
[EventDate "2007.08.18"]

1. d4 Nf6 2. c4 e5 3. dxe5 Ng4 4. Bf4 Nc6 5. Nf3 Bc5 6. e3 f6 7. exf6 Qxf6 8.
Nc3 Nxf2 9. Kxf2 Qxf4 10. Nd5 Qh6 11. Nxc7+ Kd8 12. Nd5 d6 13. Qd2 a5 14. Bd3
Be6 15. Nc3 Kc7 16. Ne4 Bb6 17. Rac1 Rad8 18. Neg5 Rhf8 19. h4 Ne5 20. Qc3 Ng4+
21. Ke2 Bxe3 22. Qxg7+ Qxg7 23. Nxe6+ Kd7 24. Nxg7 Bxc1 25. Rxc1 Rf7 26. Bf5+
Ke7 27. Bxg4 Rxg7 28. Bh3 Rdg8 29. Kd3 Rg3 30. Kd4 Rxg2 31. Bxg2 Rxg2 32. Rb1
Rg3 33. Ke3 1-0

[Event "Znojemska Rotunda 2007"]
[Site "?"]
[Date "2007.08.19"]
[Round "2.11"]
[White "Dungl, Petr"]
[Black "Rysavy, Jan"]
[Result "0-1"]
[WhiteElo "1785"]
[BlackElo "1601"]
[PlyCount "78"]
[EventDate "2007.08.18"]

1. d4 d5 2. Nf3 Bg4 3. Bf4 Nd7 4. e3 e6 5. Be2 Ne7 6. Nbd2 Ng6 7. Bg3 Be7 8. h3
Bf5 9. c4 c6 10. Qb3 Qb6 11. c5 Qxb3 12. Nxb3 O-O-O 13. Na5 Nf6 14. Ne5 Nxe5
15. Bxe5 Ne4 16. g4 f6 17. Bh2 Bg6 18. f3 Nxc5 19. Nxc6 bxc6 20. dxc5 Bxc5 21.
Rc1 Bb4+ 22. Kf2 Kb7 23. Rhd1 Ba5 24. Kg2 Bb6 25. Bg1 e5 26. Bf2 Rhe8 27. h4 e4
28. f4 d4 29. exd4 e3 30. Be1 Bxd4 31. f5 Bf7 32. Bf3 Bd5 33. Bxd5 Rxd5 34. Rc4
Bb6 35. Rdc1 e2 36. Rxc6 Rd1 37. R6c2 Be3 38. Rc7+ Kb8 39. Bg3 Ka8 0-1

[Event "Znojemska Rotunda 2007"]
[Site "?"]
[Date "2007.08.19"]
[Round "2.12"]
[White "Bastyr, Pavel"]
[Black "Kyselka, Daniel"]
[Result "0-1"]
[WhiteElo "1569"]
[BlackElo "1662"]
[PlyCount "132"]
[EventDate "2007.08.18"]

1. d4 Nf6 2. Bg5 b6 3. Bxf6 gxf6 4. Nf3 Bb7 5. c4 d6 6. Nc3 Nd7 7. e4 e5 8. d5
a6 9. Nh4 c5 10. Qg4 Qc7 11. Nf5 O-O-O 12. Qh5 Nb8 13. Qh4 Nd7 14. Be2 h6 15.
Bh5 Rg8 16. O-O Rg5 17. Bxf7 Kb8 18. Rae1 b5 19. cxb5 axb5 20. Nxb5 Qb6 21. a4
c4 22. Rb1 Nc5 23. f3 Nxa4+ 24. Kh1 Qxb5 25. Nxh6 Qd7 26. Be6 Qh7 27. Nf5 Qxh4
28. Nxh4 Nc5 29. Bh3 Ba6 30. Ra1 c3 31. Rf2 Nd3 32. Rc2 cxb2 33. Rxb2+ Nxb2 34.
Rxa6 Nd3 35. Kg1 Rg7 36. Kf1 Rc7 37. Nf5 Rc1+ 38. Ke2 Nf4+ 39. Kd2 Rh1 40. Ng3
Rxh2 41. Nf1 Rh1 42. Ne3 Nxh3 43. gxh3 Bh6 44. Kd3 Rxh3 45. Rb6+ Ka7 46. Nc4
Rxf3+ 47. Ke2 Re3+ 48. Nxe3 Kxb6 49. Nf5 Bg5 50. Kf3 Kc5 51. Kg4 Ra8 52. Ne7
Ra4 53. Kf5 Ra7 54. Nc6 Rh7 55. Na5 Kb5 56. Nc6 Kc5 57. Na5 Ra7 58. Nc6 Ra1 59.
Nd8 Rb1 60. Nf7 Re1 61. Ke6 Rxe4 62. Nxd6 Rd4 63. Nb7+ Kb6 64. Nd6 e4 65. Nf5
Rd1 66. d6 e3 0-1

[Event "Znojemska Rotunda 2007"]
[Site "?"]
[Date "2007.08.19"]
[Round "2.13"]
[White "Havel, Vojtech"]
[Black "Chlapecka, Adam"]
[Result "0-1"]
[WhiteElo "1661"]
[BlackElo "1493"]
[PlyCount "84"]
[EventDate "2007.08.18"]

1. d4 Nf6 2. c4 g6 3. Nc3 Bg7 4. g3 d6 5. Bg2 O-O 6. e3 e5 7. Nge2 Nbd7 8. O-O
Nh5 9. f4 f5 10. Rf2 h6 11. Qf1 Re8 12. Bd2 Nf8 13. Rd1 Qe7 14. dxe5 dxe5 15.
Nd5 Qf7 16. fxe5 c6 17. Nf6+ Bxf6 18. exf6 Nxf6 19. h3 Qxc4 20. b3 Qb5 21. g4
Bd7 22. gxf5 Bxf5 23. Nd4 Qxf1+ 24. Rdxf1 Ne4 25. Bxe4 Bxe4 26. Rf7 c5 27. Nb5
Re5 28. Bc3 Rg5+ 29. Kf2 Kxf7 30. Ke1+ Rf5 31. Nd6+ Ke6 32. Nxe4 Rxf1+ 33. Kxf1
Nd7 34. Ke2 b6 35. h4 Kf5 36. Nd6+ Kg4 37. Nf7 h5 38. Be1 Re8 39. Nh6+ Kh3 40.
Nf7 Nf6 41. Ng5+ Kg2 42. Bf2 Ng4 0-1

[Event "Znojemska Rotunda 2007"]
[Site "?"]
[Date "2007.08.19"]
[Round "2.14"]
[White "Rysavy, Jindrich"]
[Black "Hemala, Lubos"]
[Result "0-1"]
[WhiteElo "1413"]
[BlackElo "1653"]
[PlyCount "82"]
[EventDate "2007.08.18"]

1. d4 Nf6 2. c4 e6 3. Nc3 d5 4. c5 b6 5. cxb6 axb6 6. Bg5 Ba6 7. Nf3 Be7 8. g3
h6 9. Bxf6 Bxf6 10. b4 Bc4 11. a4 Qd6 12. Rb1 c5 13. bxc5 bxc5 14. Nb5 Bxb5 15.
axb5 c4 16. Qd2 Nd7 17. Bg2 O-O 18. O-O Ra3 19. Ra1 Rfa8 20. Rxa3 Rxa3 21. Rb1
Be7 22. Qc2 Qc7 23. Nd2 Qa5 24. e3 Nb6 25. Nf3 Ra2 26. Rb2 Rxb2 27. Qxb2 c3 28.
Qc2 Qa1+ 29. Bf1 Qb2 30. Qxb2 cxb2 31. Nd2 Bb4 32. Nb1 Kf8 33. Bd3 Ke7 34. Kf1
Nc4 35. e4 Kd6 36. e5+ Kc7 37. Ke2 Kb6 38. Kd1 Kxb5 39. Kc2 Be1 40. Bxc4+ Kxc4
41. Kxb2 Bxf2 0-1

[Event "Znojemska Rotunda 2007"]
[Site "?"]
[Date "2007.08.19"]
[Round "3.1"]
[White "Docekal, Jan"]
[Black "Blazek, Milos"]
[Result "1-0"]
[WhiteElo "2209"]
[BlackElo "2092"]
[PlyCount "59"]
[EventDate "2007.08.18"]

1. e4 e5 2. Nf3 Nc6 3. Bc4 Nf6 4. d4 exd4 5. O-O Bc5 6. e5 d5 7. Bb5 Ne4 8.
Nxd4 Bd7 9. Bxc6 bxc6 10. c3 O-O 11. Nd2 Nxd2 12. Bxd2 f6 13. Bf4 fxe5 14. Bxe5
Bd6 15. f4 Bxe5 16. fxe5 Rxf1+ 17. Qxf1 Qg5 18. Re1 Rf8 19. Qe2 c5 20. e6 cxd4
21. exd7 Qf5 22. Qe8 Qf2+ 23. Kh1 Qf6 24. cxd4 h5 25. h3 h4 26. Qe5 Qf2 27.
Qxd5+ Kh7 28. Qh5+ Kg8 29. Qe8 Kh7 30. d8=Q 1-0